[Event "Roncana op-B 10th"]
[Site "Santa Eulalia de Roncana"]
[Date "2016.10.15"]
[Round "4"]
[White "Fernandez Ferreira, Alex"]
[Black "Espanol Bada, Nuria"]
[Result "1-0"]
[WhiteElo "1148"]
[BlackElo "1612"]
[PlyCount "97"]
[EventDate "2016.09.24"]
[EventType "swiss"]
[EventRounds "8"]
[EventCountry "ESP"]
[SourceTitle "EXT 2018"]
[Source "ChessBase"]
[SourceDate "2017.10.13"]
[SourceVersion "1"]
[SourceVersionDate "2017.10.13"]
[SourceQuality "1"]

1. d4 Nf6 2. Nf3 g6 3. Bf4 Bg7 4. e3 0-0 5. Be2 d6 6. h3 Nc6 7. 0-0 Bf5 8. c4 Nb4 9. Nc3 c6 10. a3 Na6 11. Bh2 Ne4 12. Nxe4 Bxe4 13. Qb3 Qd7 14. Rfd1 d5 15. c5 b6 16. Bxa6 Bxf3 17. gxf3 Qxh3 18. cxb6 axb6 19. Qxb6 Rab8 20. Bxb8 Bf6 21. Bf1 Qxf3 22. Be5 Bh4 23. Rd2 f6 24. Bg2 Qg4 25. f3 Qe6 26. Bf4 f5 27. Rc1 Bf6 28. Qxc6 Qf7 29. Bh6 Bg7 30. Bxg7 Kxg7 31. Rf1 h5 32. e4 e6 33. exd5 exd5 34. f4 g5 35. Rdf2 g4 36. Qxd5 Qf6 37. Qe5 Kg6 38. Qxf6+ Rxf6 39. d5 h4 40. Rd2 Kf7 41. Re1 h3 42. d6 Rh6 43. d7 h2+ 44. Kf2 h1Q 45. Rxh1 Rxh1 46. d8Q Rh7 47. Rd6 Kg7 48. Qc7+ Kh8 49. Rd8# 1-0

[Event "Roncana op-B 10th"]
[Site "Santa Eulalia de Roncana"]
[Date "2016.10.08"]
[Round "3"]
[White "Espanol Bada, Nuria"]
[Black "Alcon Davalos, Marc"]
[Result "1-0"]
[WhiteElo "1612"]
[BlackElo "1758"]
[PlyCount "87"]
[EventDate "2016.09.24"]
[EventType "swiss"]
[EventRounds "8"]
[EventCountry "ESP"]
[SourceTitle "EXT 2018"]
[Source "ChessBase"]
[SourceDate "2017.10.13"]
[SourceVersion "1"]
[SourceVersionDate "2017.10.13"]
[SourceQuality "1"]

1. e4 e5 2. Nf3 Nc6 3. d4 exd4 4. Nxd4 Ne5 5. Bb5 Qh4 6. h3 Qxe4+ 7. Kf1 b6 8. Nc3 Qg6 9. Qe2 f6 10. f4 c5 11. fxe5 cxd4 12. exf6+ Kd8 13. fxg7 Bxg7 14. Nd5 Qf5+ 15. Qf3 Qxf3+ 16. gxf3 Bb7 17. Bg5+ Kc8 18. Bc4 Bxd5 19. Bxd5 Rb8 20. Re1 Nf6 21. Bxf6 Bxf6 22. Rg1 Kd8 23. Rg8+ Rxg8 24. Bxg8 Rc8 25. Bxh7 Bh4 26. Re4 Bf6 27. Re2 d6 28. Bf5 Rc5 29. Bg6 Rg5 30. Re8+ Kd7 31. Rg8 Rg3 32. Kf2 Rxh3 33. Bf5+ Ke7 34. Bxh3 Bh4+ 35. Ke2 Kf6 36. f4 Kf7 37. Rg4 Be7 38. f5 Kf6 39. Rg6+ Kf7 40. Bg2 Bf6 41. Bd5+ Ke7 42. Rh6 Be5 43. Bc6 Kd8 44. f6 1-0

[Event "Roncana op-B 10th"]
[Site "Santa Eulalia de Roncana"]
[Date "2016.10.01"]
[Round "2"]
[White "Parra Ordorica, Arnau"]
[Black "Espanol Bada, Nuria"]
[Result "1-0"]
[WhiteElo "1133"]
[BlackElo "1612"]
[PlyCount "91"]
[EventDate "2016.09.24"]
[EventType "swiss"]
[EventRounds "8"]
[EventCountry "ESP"]
[SourceTitle "EXT 2018"]
[Source "ChessBase"]
[SourceDate "2017.10.13"]
[SourceVersion "1"]
[SourceVersionDate "2017.10.13"]
[SourceQuality "1"]

1. d4 c5 2. e3 e6 3. c4 d5 4. Nc3 Nc6 5. cxd5 exd5 6. Bb5 Qd6 7. Nf3 Nf6 8. Ne5 Bd7 9. Bxc6 bxc6 10. 0-0 Be7 11. Na4 c4 12. Bd2 0-0 13. a3 Qe6 14. Bb4 Bxb4 15. axb4 Qe7 16. Nc5 Rfb8 17. Qd2 Rc8 18. Ra2 Ne4 19. Nxe4 dxe4 20. Rfa1 Rc7 21. Nxc4 Qg5 22. Nb6 Bh3 23. g3 Rb8 24. Nc4 Qg4 25. Qd1 Qxd1+ 26. Rxd1 f5 27. Rda1 Rxb4 28. Ra4 Rbb7 29. b4 g5 30. Ne5 c5 31. bxc5 Rb2 32. R4a2 Rcb7 33. Rxb2 Rxb2 34. c6 Rc2 35. Rd1 f4 36. gxf4 gxf4 37. exf4 Rc3 38. d5 e3 39. fxe3 Rxe3 40. d6 Re4 41. d7 Rxf4 42. d8Q+ Rf8 43. Qg5+ Kh8 44. Nf7+ Rxf7 45. Rd8+ Rf8 46. Rxf8# 1-0

[Event "Roncana op-B 9th"]
[Site "Santa Eulalia de Roncana"]
[Date "2015.11.21"]
[Round "7"]
[White "Naval Bonet, Joan"]
[Black "Espanol Bada, Nuria"]
[Result "1-0"]
[WhiteElo "1706"]
[BlackElo "1591"]
[PlyCount "65"]
[EventDate "2015.10.03"]
[EventType "swiss"]
[EventRounds "8"]
[EventCountry "ESP"]
[SourceTitle "EXT 2017"]
[Source "ChessBase"]
[SourceDate "2016.10.25"]
[SourceVersion "1"]
[SourceVersionDate "2016.10.25"]
[SourceQuality "1"]

1. e4 e6 2. Nc3 d5 3. exd5 exd5 4. d4 Nf6 5. Bd3 Nc6 6. Nf3 Bg4 7. Be3 Be7 8. a3 0-0 9. Qd2 Re8 10. 0-0-0 Nxd4 11. Bxd4 b6 12. h3 Bh5 13. g4 Bg6 14. Bxg6 fxg6 15. Ng5 c5 16. Be5 Qd7 17. f3 d4 18. Nce4 c4 19. c3 d3 20. h4 a5 21. h5 gxh5 22. gxh5 h6 23. Nh3 Nxh5 24. Rdg1 a4 25. Qxh6 Bc5 26. Nf6+ Kf7 27. Qg6+ Ke7 28. Nxd7 Kxd7 29. Qf7+ Kc6 30. Rg6+ Kb5 31. Qd7+ Ka5 32. b4+ Bxb4 33. cxb4+ 1-0

[Event "Llinars del Valles op-B 9th"]
[Site "Llinars del Valles"]
[Date "2015.06.13"]
[Round "9"]
[White "Oviedo Jara, Merce Montserrat"]
[Black "Espanol Bada, Nuria"]
[Result "1-0"]
[WhiteElo "1673"]
[BlackElo "1700"]
[PlyCount "57"]
[EventDate "2015.04.11"]
[EventType "swiss"]
[EventRounds "9"]
[EventCountry "ESP"]
[SourceTitle "EXT 2018"]
[Source "ChessBase"]
[SourceDate "2017.10.13"]
[SourceVersion "1"]
[SourceVersionDate "2017.10.13"]
[SourceQuality "1"]

1. e4 e5 2. Nf3 Nc6 3. Nc3 Bb4 4. Nd5 Ba5 5. Bc4 Nge7 6. a3 0-0 7. b4 Bb6 8. 0-0 d6 9. c3 Be6 10. d4 Ng6 11. a4 a5 12. Bb3 Bg4 13. Qd3 Nh4 14. Bg5 Nxf3+ 15. gxf3 Qxg5 16. fxg4 Qxg4+ 17. Kh1 Rae8 18. Rg1 Qh4 19. Qg3 Qh6 20. Ne3 exd4 21. Nf5 Qf6 22. Nxg7 Re7 23. b5 Qe5 24. f4 Qxe4+ 25. Qg2 dxc3 26. Bc2 Nb4 27. Bxe4 Rd8 28. Ne6+ Kh8 29. Qg7# 1-0

[Event "Llinars del Valles op-B 8th"]
[Site "Llinars del Valles"]
[Date "2015.05.16"]
[Round "6"]
[White "Espanol Bada, Nuria"]
[Black "Jimeno San Jose, Luis"]
[Result "0-1"]
[WhiteElo "1700"]
[BlackElo "1709"]
[PlyCount "50"]
[EventDate "2015.04.11"]
[EventType "swiss"]
[EventRounds "9"]
[EventCountry "ESP"]
[SourceTitle "EXT 2016"]
[Source "ChessBase"]
[SourceDate "2015.10.08"]
[SourceVersion "1"]
[SourceVersionDate "2015.10.08"]
[SourceQuality "1"]

1. e4 e5 2. Nf3 Nc6 3. d4 exd4 4. Nxd4 Nxd4 5. Qxd4 c6 6. Be3 Nf6 7. f3 Be7 8. Nc3 0-0 9. Qd2 d6 10. 0-0-0 b5 11. g4 b4 12. Na4 c5 13. g5 Bd7 14. gxf6 Bxf6 15. b3 Bxa4 16. bxa4 a6 17. Bc4 Qe7 18. Bh6 Qe5 19. c3 bxc3 20. Qd3 c2 21. Qxc2 Rab8 22. h4 Rb2 23. Qd3 Rxa2 24. Rd2 Ra1+ 25. Kc2 Qb2# 0-1

[Event "Llinars del Valles op-B 8th"]
[Site "Llinars del Valles"]
[Date "2015.05.02"]
[Round "4"]
[White "Espanol Bada, Nuria"]
[Black "Las Heras Aixandri, Sara"]
[Result "0-1"]
[WhiteElo "1700"]
[BlackElo "1909"]
[PlyCount "50"]
[EventDate "2015.04.11"]
[EventType "swiss"]
[EventRounds "9"]
[EventCountry "ESP"]
[SourceTitle "EXT 2016"]
[Source "ChessBase"]
[SourceDate "2015.10.08"]
[SourceVersion "1"]
[SourceVersionDate "2015.10.08"]
[SourceQuality "1"]

1. e4 c5 2. Nf3 Nc6 3. d4 cxd4 4. Nxd4 g6 5. Be3 Bg7 6. Nc3 Nf6 7. Qd2 0-0 8. 0-0-0 d5 9. f3 dxe4 10. fxe4 Bg4 11. Be2 Bxe2 12. Qxe2 Nxe4 13. Qd3 Nxc3 14. Qxc3 Nxd4 15. Bxd4 Rc8 16. Qb4 Qc7 17. c3 Qf4+ 18. Rd2 Rfd8 19. Qxb7 Bxd4 20. Rhd1 Bxc3 21. Kc2 Rxd2+ 22. Rxd2 Qxd2+ 23. Kb3 Qxb2+ 24. Ka4 Qxa2+ 25. Kb5 Qa5# 0-1

[Event "Llinars del Valles op-B 8th"]
[Site "Llinars del Valles"]
[Date "2015.04.25"]
[Round "3"]
[White "Lopez Torralba, Oscar"]
[Black "Espanol Bada, Nuria"]
[Result "1-0"]
[WhiteElo "1777"]
[BlackElo "1700"]
[PlyCount "93"]
[EventDate "2015.04.11"]
[EventType "swiss"]
[EventRounds "9"]
[EventCountry "ESP"]
[SourceTitle "EXT 2016"]
[Source "ChessBase"]
[SourceDate "2015.10.08"]
[SourceVersion "1"]
[SourceVersionDate "2015.10.08"]
[SourceQuality "1"]

1. e4 d5 2. Nc3 Nf6 3. exd5 Nxd5 4. Qf3 Be6 5. Bc4 c6 6. Nge2 g6 7. Nd4 Qd7 8. Nxe6 Qxe6+ 9. Ne2 Bg7 10. 0-0 0-0 11. c3 Nd7 12. d4 b5 13. Nf4 Qd6 14. Bxd5 cxd5 15. Nxd5 Nf6 16. Nb4 Rad8 17. Bf4 Qd7 18. Rae1 Rfe8 19. Re2 h6 20. Be5 Qg4 21. Rfe1 h5 22. Qxg4 hxg4 23. Nc6 Rd5 24. Nxa7 Nh5 25. Bxg7 Kxg7 26. Rxe7 Rxe7 27. Rxe7 Nf4 28. Nc6 g5 29. Ne5 Kf6 30. Rxf7+ Ke6 31. Rf8 b4 32. Rc8 Ra5 33. Rc6+ Kf5 34. g3 Ne2+ 35. Kf1 Ke4 36. Kxe2 Rxa2 37. Nd3 Rxb2+ 38. Nxb2 Kf5 39. cxb4 Ke4 40. b5 Kxd4 41. b6 Kd5 42. Rc1 Ke5 43. b7 Ke4 44. b8Q Kf5 45. Rc5+ Ke4 46. Qe8+ Kd4 47. Qe5# 1-0